[Event "Chigorin Memorial 29th"]
[Site "St Petersburg"]
[Date "2022.10.25"]
[Round "4"]
[White "Bura, Oleg"]
[Black "Batozhargalov, Erdem"]
[Result "0-1"]
[WhiteElo "1809"]
[BlackElo "1559"]
[PlyCount "106"]
[EventDate "2022.10.22"]
[EventType "swiss"]
[EventRounds "9"]
[EventCountry "RUS"]
[SourceTitle "EXT 2024"]
[Source "ChessBase"]
[SourceDate "2023.10.10"]
[SourceVersion "1"]
[SourceVersionDate "2023.10.10"]
[SourceQuality "1"]

1. d4 Nf6 2. c4 c5 3. d5 b5 4. cxb5 a6 5. e3 g6 6. Nc3 Bg7 7. Nf3 0-0 8. a4 d6 9. Be2 axb5 10. Bxb5 Bd7 11. Bc4 Qb6 12. Bd2 Na6 13. 0-0 Bf5 14. Qe2 Nc7 15. e4 Bg4 16. h3 Bxf3 17. gxf3 e6 18. b3 exd5 19. exd5 Qb7 20. Qd3 Nd7 21. f4 f5 22. Rae1 Rae8 23. Nb5 Nxb5 24. Bxb5 Rxe1 25. Rxe1 Nf6 26. Bc3 Ne4 27. Bxg7 Qxg7 28. f3 Ng3 29. Qe3 Kh8 30. a5 g5 31. Qe7 Qd4+ 32. Qe3 Qg7 33. Qc1 gxf4 34. Qa1 Ne2+ 35. Kh2 Nd4 36. Rg1 Nxf3+ 37. Kh1 Nxg1 38. Qxg7+ Kxg7 39. Kxg1 Ra8 40. a6 Kf6 41. Kf2 Ke5 42. Bc4 Ke4 43. Be2 Ra7 44. Bc4 f3 45. Bf1 Kxd5 46. Kxf3 Kd4 47. Bb5 d5 48. Ke2 Kc3 49. Bc6 d4 50. Bb5 d3+ 51. Kd1 d2 52. Bc4 Rg7 53. Ke2 Re7+ 0-1

[Event "Cheliabinsk Panchenko Memorial op-A"]
[Site "Cheliabinsk"]
[Date "2020.09.15"]
[Round "9"]
[White "Batozhargalov, Erdem"]
[Black "Yonal, Timur"]
[Result "0-1"]
[WhiteElo "1349"]
[BlackElo "1823"]
[PlyCount "110"]
[EventDate "2020.09.07"]
[EventType "swiss"]
[EventRounds "9"]
[EventCountry "RUS"]
[SourceTitle "CBM 198 Extra"]
[Source "ChessBase"]
[SourceDate "2020.11.30"]
[SourceVersion "1"]
[SourceVersionDate "2020.11.30"]
[SourceQuality "1"]

1. e4 c5 2. Nf3 e6 3. d4 cxd4 4. Nxd4 a6 5. c4 Qc7 6. Nc3 Nf6 7. Qd3 d6 8. Qg3 Nbd7 9. Bd3 Ne5 10. b3 Nxd3+ 11. Qxd3 b6 12. 0-0 Bb7 13. Re1 Be7 14. Bb2 0-0 15. Rac1 Rac8 16. Qg3 Rfe8 17. Kh1 Kh8 18. Nd5 exd5 19. Nf5 Bf8 20. Qg5 Qd8 21. Nh6 Rc7 22. cxd5 Rd7 23. Nf5 Re5 24. Bxe5 dxe5 25. f3 Ne8 26. Qxd8 Rxd8 27. d6 g6 28. Ne3 Bxd6 29. Red1 Bc7 30. Rxd8 Bxd8 31. Rd1 Bc7 32. Nd5 Bxd5 33. Rxd5 Kg7 34. Kg1 Kf6 35. Kf2 Ke6 36. Rd1 f5 37. Rc1 Bd6 38. Kg3 Bc5 39. exf5+ gxf5 40. Kh4 e4 41. fxe4 fxe4 42. Kg3 Ke5 43. Rd1 Nd6 44. Kg4 Nf5 45. Rd8 h5+ 46. Kxh5 e3 47. Kg4 e2 48. Re8+ Ne7 49. h4 e1Q 50. h5 Qe2+ 51. Kg5 Be3+ 52. Kh4 Kf6 53. Rf8+ Ke6 54. Rf3 Qxg2 55. Rxe3+ Kf6 0-1

[Event "EU-ch U10"]
[Site "Bratislava"]
[Date "2019.08.06"]
[Round "5"]
[White "Villa Tornero, Alex"]
[Black "Batozhargalov, Erdem"]
[Result "1-0"]
[WhiteElo "1641"]
[BlackElo "1080"]
[PlyCount "111"]
[EventDate "2019.08.02"]
[EventType "swiss"]
[EventRounds "9"]
[EventCountry "SVK"]
[SourceTitle "EXT 2020"]
[Source "ChessBase"]
[SourceDate "2019.10.17"]
[SourceVersion "1"]
[SourceVersionDate "2019.10.17"]
[SourceQuality "1"]

1. d4 d5 2. Bf4 Nf6 3. e3 c5 4. c3 Nc6 5. Nd2 Bf5 6. Qb3 Qb6 7. dxc5 Qxb3 8. axb3 e5 9. Bg3 Nh5 10. b4 Nxg3 11. hxg3 Be7 12. Ngf3 h6 13. b5 Nd8 14. Nxe5 Bxc5 15. Nb3 Bd6 16. Nf3 Bd7 17. 0-0-0 Bc7 18. Nc5 Be6 19. Bd3 0-0 20. Rh4 Bd6 21. Nb3 a5 22. bxa6 bxa6 23. Nbd4 Be7 24. Rh2 a5 25. Kd2 a4 26. Nh4 Rb8 27. Rb1 Ra8 28. Nhf5 Bxf5 29. Nxf5 Bc5 30. Nd4 Ne6 31. Rh5 Rfd8 32. Re5 Nxd4 33. exd4 Bf8 34. Ra1 Rdb8 35. Kc2 Rd8 36. Bb5 a3 37. bxa3 Rxa3 38. Rxa3 Bxa3 39. Re8+ Rxe8 40. Bxe8 Kf8 41. Bc6 Ke7 42. Bxd5 f6 43. Kd3 Kd6 44. Be4 g5 45. g4 Ke6 46. c4 Be7 47. c5 Bd8 48. Kc4 Kd7 49. d5 Kc7 50. Bf5 Kb7 51. d6 Kc6 52. Be4+ Kd7 53. Kd5 Kc8 54. Bf5+ Kb7 55. c6+ Kb6 56. c7 1-0